Výsledky hospodárenia verejného sektora za rok 1995

Vývoj rozpočtového hospodárenia SR v r. 1995. Mesačné prírastky príjmov a výdavkov štátneho rozpočtu (ŠR). Vzťah ŠR k centrálnej banke. Vnútorná zadlženosť SR - štátne finančné aktíva a pasíva, štátne fondy, Fond národného majetku SR. Štátne záruky za bankové úvery.

Gespeichert in:
Bibliographische Detailangaben
1. Verfasser: Sahaj, Ján
Format: Buchkapitel
Sprache:Slowakisch
Englisch
Schlagworte:
Tags: Tag hinzufügen
Keine Tags, Fügen Sie das erste Tag hinzu!

MARC

LEADER 00000naa a2200000 4500
001 r021053
005 20221205114724.9
041 0 |a slo 
041 0 |a eng 
044 |a SK 
245 1 0 |a Výsledky hospodárenia verejného sektora za rok 1995  |c Ján Sahaj 
520 |a Vývoj rozpočtového hospodárenia SR v r. 1995. Mesačné prírastky príjmov a výdavkov štátneho rozpočtu (ŠR). Vzťah ŠR k centrálnej banke. Vnútorná zadlženosť SR - štátne finančné aktíva a pasíva, štátne fondy, Fond národného majetku SR. Štátne záruky za bankové úvery. 
610 2 0 |a sektor verejný 
610 2 0 |a hospodárenie finančné 
610 2 0 |a Slovensko 
610 2 0 |a 1995 
610 2 0 |a rozpočet štátny 
610 2 0 |a príjmy rozpočtu štátneho 
610 2 0 |a výdavky rozpočtu štátneho 
610 2 0 |a banky emisné 
610 2 0 |a NBS Bratislava 
610 2 0 |a zadlženosť vnútorná 
610 2 0 |a vláda 
610 2 0 |a úver bankový 
610 2 0 |a záruka 
100 1 |a Sahaj, Ján